000 00563nam a2200205Ia 4500
003 GCL
008 140319s9999 xx 000 0 eng d
020 _a5050024463
040 _aGCL /
_cGCL
082 0 4 _a891.7
_bP P
100 1 _aPASTERNAK, BORIS
245 1 0 _aBORIS PASTERNAK POEMS /
_cPASTERNAK, BORIS
260 _aروسيا :
_bRADUGA PUBLISHERS ،
_c1990
300 _a18 CM ؛
_c317 P
650 0 4 _aLITERATURE
650 0 4 _aRUSSIAN LITERATURE
650 0 4 _aRUSSIAN POETRY
650 0 4 _aRUSSIAN LITERATURE - TRANSLATION INTO ENGLISH
942 _2ddc
_cBK
999 _c65
_d65